000
00209 a2200097 4500
001
24638
100
_a
Tillett, J
245
_a
Practical Comprehension
260
_a
_b
Hutchinson
_c
1966
090
_c
16629
_d
16629
942
_a
NUST-CAE
_c
M
_c
7368
999
_c
259711
_d
259711